Вып. 16: Вопросы повышения экономической эффективности развития производительных сил районов Севера СССР; Проблемы Севера

Bibliografiske detaljer
Parent link:Проблемы Севера: сборник/ Академия наук СССР (АН СССР). Вып. 16: Вопросы повышения экономической эффективности развития производительных сил районов Севера СССР.— , 1958-1972
Sprog:russisk
Udgivet: 1972
Fag:
Format: MixedMaterials Bog
KOHA link:https://koha.lib.tpu.ru/cgi-bin/koha/opac-detail.pl?biblionumber=222519

MARC

LEADER 00000nam2a2200000 4500
001 222519
005 20231101230451.0
035 |a (RuTPU)RU\TPU\book\242732 
035 |a RU\TPU\book\242663 
090 |a 222519 
100 |a 20120926d1972 km y0rusy50 ca 
101 0 |a rus 
102 |a RU 
105 |a a z 001zy 
200 0 |a Вып. 16: Вопросы повышения экономической эффективности развития производительных сил районов Севера СССР 
210 |d 1972 
215 |a 256 с.  |c ил. 
320 |a Библиография в конце статей 
461 1 |0 (RuTPU)RU\TPU\book\119820  |t Проблемы Севера   |o сборник  |f Академия наук СССР (АН СССР)  |v Вып. 16: Вопросы повышения экономической эффективности развития производительных сил районов Севера СССР  |d 1958-1972 
606 1 |a Экономика  |y Россия  |y Север Европейской части  |2 stltpush  |3 (RuTPU)RU\TPU\subj\64428  |9 81326 
610 1 |a Крайний Север 
610 1 |a освоение 
610 1 |a экономическая эффективность 
610 1 |a производительные силы 
610 1 |a затраты 
610 1 |a капитальные вложения 
610 1 |a местная продовольственная база 
610 1 |a Мурманская область 
610 1 |a Якутия 
610 1 |a нефтяная промышленность 
610 1 |a газовая промышленность 
610 1 |a Коми АССР 
610 1 |a строительные материалы 
610 1 |a промышленные предприятия 
610 1 |a тепловая энергетика 
610 1 |a атомная энергетика 
610 1 |a черная металлургия 
610 1 |a зарубежный север 
610 1 |a Канада 
610 1 |a канадский опыт 
610 1 |a хозяйственное освоение 
610 1 |a Аляска 
610 1 |a Дальний Восток 
610 1 |a Арктика 
610 1 |a автомобильная проходимость 
610 1 |a Южно-Якутский угольный бассейн 
686 |a У9(2Р31)  |2 rubbk 
801 1 |a RU  |b 63413507  |c 20120903 
801 2 |a RU  |b 63413507  |c 20120926  |g RCR 
942 |c BK